Licensing and planning (Record no. 72065)

MARC details
000 -LEADER
fixed length control field 01867cam a2200277 4500
001 - CONTROL NUMBER
control field ABS66374
008 - FIXED-LENGTH DATA ELEMENTS--GENERAL INFORMATION
fixed length control field 030205n2002 000 0 eng u
035 ## - SYSTEM CONTROL NUMBER
System control number (Sirsi) u121254
100 ## - MAIN ENTRY--PERSONAL NAME
Personal name Hood, J.
245 ## - TITLE STATEMENT
Title Licensing and planning
260 ## - PUBLICATION, DISTRIBUTION, ETC.
Date of publication, distribution, etc. 2002
490 ## - SERIES STATEMENT
Series statement Scottish Planning and Environmental Law
Volume/sequential designation (94) December 2002, 139-143(5)
520 ## - SUMMARY, ETC.
Summary, etc. Examines the ways that liquor licensing and planning legislation in Scotland interact and considers the effects this has on licence applications. Provides a legislative background with reference to the Licensing (Scotland) Act 1976 s23(1), the Town and Country Planning (Scotland) Acts 1972 and 1997 and the Town and Country Planning (Use Classes) (Scotland) Order 1997. Provides the solution to the problem of applying for a liquor licence for the cafe part of a museum and discusses the more complex cases of "Edinburgh City Council v Scottish Ministers"(CSOH Abs66121), "Leisure Inns (UK) Ltd v Perth and Kinross District Licensing Board" ([1993] SLT 796) and "Conquest Europe Ltd v Edinburgh City Council" (2001). Concludes that proposed Scottish licensing reform needs to be matched with a review of planning legislation to meet public needs and the requirements of business. Case law.
590 ## - LOCAL NOTE (RLIN)
Local note ABS
650 ## - SUBJECT ADDED ENTRY--TOPICAL TERM
Topical term or geographic name entry element CONQUEST EUROPE V EDINBURGH CITY COUNCIL
650 ## - SUBJECT ADDED ENTRY--TOPICAL TERM
Topical term or geographic name entry element EDINBURGH CITY COUNCIL V SCOTTISH MINISTERS
650 ## - SUBJECT ADDED ENTRY--TOPICAL TERM
Topical term or geographic name entry element LEISURE INNS (UK) LTD V PERTH AND KINROSS DISTRICT LICENSING BOARD
650 ## - SUBJECT ADDED ENTRY--TOPICAL TERM
Topical term or geographic name entry element LICENSING (SCOTLAND) ACT 1976
650 ## - SUBJECT ADDED ENTRY--TOPICAL TERM
Topical term or geographic name entry element TOWN AND COUNTRY PLANNING (USE CLASSES) (SCOTLAND) ORDER 1997
650 ## - SUBJECT ADDED ENTRY--TOPICAL TERM
Topical term or geographic name entry element TOWN AND COUNTRY PLANNING (SCOTLAND) ACT 1972
650 ## - SUBJECT ADDED ENTRY--TOPICAL TERM
Topical term or geographic name entry element TOWN AND COUNTRY PLANNING (SCOTLAND) ACT 1997
650 ## - SUBJECT ADDED ENTRY--TOPICAL TERM
Topical term or geographic name entry element LICENSING BOARDS
650 ## - SUBJECT ADDED ENTRY--TOPICAL TERM
Topical term or geographic name entry element LIQUOR LICENCE
690 ## - LOCAL SUBJECT ADDED ENTRY--TOPICAL TERM (OCLC, RLIN)
Topical term or geographic name as entry element ENVIRONMENTAL AND LAND CONSULTANCY-PLANNING AND DEVELOPMENT
942 ## - ADDED ENTRY ELEMENTS (KOHA)
Suppress in OPAC 0
Holdings
Withdrawn status Lost status Source of classification or shelving scheme Damaged status Not for loan Home library Current library Shelving location Date acquired Total Checkouts Full call number Barcode Date last seen Copy number Price effective from Koha item type
    Dewey Decimal Classification     London London Journal article 05/02/2003   ABS66374 121254-1001 06/08/2019 1 06/08/2019 Journal article